000 00252nam a2200109Ia 4500
008 190216s9999||||xx |||||||||||||| ||und||
100 _aKakkad N N
245 0 _aSafalamee Yathra
260 _bVallathole Vidhyapedam
650 _aMalayalam
942 _cBK
999 _c26201
_d26201